| 000 | 00578nam a22002177a 4500 | ||
|---|---|---|---|
| 001 | 00028608 | ||
| 005 | 20260320102952.0 | ||
| 008 | 260320b ag ||||| |||| 00| 0 spa d | ||
| 020 | _a9875000809 | ||
| 040 |
_aAR-CcCEOS _bspa _cAR-CcCEOS |
||
| 041 | _aspa | ||
| 080 | _a159.99 | ||
| 090 | _bSOL | ||
| 100 | 1 |
_aSoler, Colette _9937 |
|
| 245 |
_aLa repetición en la experiencia analítica / _cSoler Colette |
||
| 250 | _a1ª ed. | ||
| 260 |
_aBuenos Aires : _bManantial, _c2004. |
||
| 300 |
_a184 p. ; _c24x15 cm. |
||
| 655 | 0 |
_apsicoanalisis _9442 |
|
| 942 |
_2udc _cBK _n0 |
||
| 999 |
_c28638 _d28638 |
||